Normal view
MARC view
Entry Personal Name
001 - CONTROL NUMBER
- control field: 29768
003 - CONTROL NUMBER IDENTIFIER
- control field: dpl
005 - DATE AND TIME OF LATEST TRANSACTION
- control field: 20110720161825.0
008 - FIXED-LENGTH DATA ELEMENTS
- fixed length control field: 110720|||a|||||| | ||| d
040 ## - CATALOGING SOURCE
- Original cataloging agency: dpl
- Transcribing agency: dpl
100 ## - HEADING--PERSONAL NAME
- Personal name: Banerji, Rukmini
670 ## - SOURCE DATA FOUND
- Source citation: Work cat.: (dpl)51464: Banerji, Rukmini, Going Home /, 2010
670 ## - SOURCE DATA FOUND
- Source citation: Work cat.: (dpl)51464: Banerji, Rukmini, Going Home /, 2010
